[Event "AUTO-BEG-324"]
[Site "http://www.queenalice.com/game.php?id=609727"]
[Date "2009.6.27"]
[Round "1"]
[White "gmsanti"]
[Black "aqzu"]
[Result "1-0"]
[WhiteElo "2003"]
[BlackElo "1076"]

1. Nf3 f5 2. d4 Nf6 3. Bg5 Ng4 4. e3 h6 5. Bf4 e6 6. Be2 b6 7. h3 Bb4+ 8. c3 Ba5
9. hxg4 fxg4 10. Ne5 h5 11. Bxg4 hxg4 12. Rxh8+ Ke7 13. Bg5+ Kd6 14. Rxd8 Bb7
15. Qxg4 a6 16. Nd2 Ra7 17. Ndc4+ Kd5 18. e4# 1-0

[Event "AUTO-BEG-324"]
[Site "http://www.queenalice.com/game.php?id=609728"]
[Date "2009.6.27"]
[Round "1"]
[White "aqzu"]
[Black "gmsanti"]
[Result "0-1"]
[WhiteElo "1142"]
[BlackElo "2083"]

1. e4 c5 2. Bc4 d6 3. f3 e6 4. Bb5+ Nc6 5. Nh3 Nf6 6. Nf4 Be7 7. a3 O-O 8. b4
cxb4 9. axb4 Nxb4 10. c3 Nc6 11. g4 Ne8 12. Nh5 Bh4+ 13. Ng3 f5 14. exf5 exf5
15. O-O Qb6+ 16. d4 Qxb5 17. Na3 Qb6 18. Nc4 Qc7 19. d5 Ne7 20. Nxf5 Nxf5 21.
gxf5 Qxc4 22. Ra3 Bxf5 23. Bg5 Bxg5 24. Qa4 Be3+ 25. Kg2 Qe2+ 26. Kg3 Qxf1 0-1